Zero the hero / (Record no. 9734)
[ view plain ]
| 000 -LEADER | |
|---|---|
| fixed length control field | 01025nam a22003017a 4500 |
| 001 - CONTROL NUMBER | |
| control field | 9734 |
| 003 - CONTROL NUMBER IDENTIFIER | |
| control field | FISKH |
| 005 - DATE AND TIME OF LATEST TRANSACTION | |
| control field | 20260130160002.0 |
| 008 - FIXED-LENGTH DATA ELEMENTS--GENERAL INFORMATION | |
| fixed length control field | 260130b cb ||||| |||| 00| 0 eng d |
| 020 ## - INTERNATIONAL STANDARD BOOK NUMBER | |
| International Standard Book Number | 9780545547406 |
| 040 ## - CATALOGING SOURCE | |
| Original cataloging agency | FISKH |
| Language of cataloging | eng |
| Transcribing agency | FISKH |
| Modifying agency | FISKH |
| 050 ## - LIBRARY OF CONGRESS CALL NUMBER | |
| Classification number | PZ7 .H7427 .Z |
| 082 ## - DEWEY DECIMAL CLASSIFICATION NUMBER | |
| Classification number | 771 |
| 100 ## - MAIN ENTRY--PERSONAL NAME | |
| Personal name | Holub , Joan |
| 245 ## - TITLE STATEMENT | |
| Title | Zero the hero / |
| Statement of responsibility, etc. | By Joan Holub & Tom Lichtenheld |
| 250 ## - EDITION STATEMENT | |
| Edition statement | First Scholastic printing , February 2013 |
| 260 ## - PUBLICATION, DISTRIBUTION, ETC. | |
| Place of publication, distribution, etc. | New York : |
| Name of publisher, distributor, etc. | Scholastic , |
| Date of publication, distribution, etc. | 2012 . |
| 300 ## - PHYSICAL DESCRIPTION | |
| Extent | 39 unnumbered pages : |
| Other physical details | color illustrations ; |
| Dimensions | 21 X 25 cm . |
| 505 ## - FORMATTED CONTENTS NOTE | |
| Formatted contents note | K <br/> |
| 520 ## - SUMMARY, ETC. | |
| Summary, etc. | Zero believes that he is a hero, but the counting numbers think he is worthless until they get into trouble with some Roman numerals, and only Zero can help. |
| 521 8# - TARGET AUDIENCE NOTE | |
| Target audience note | 510 <br/> |
| Source | Lexile estimate <br/> |
| 521 8# - TARGET AUDIENCE NOTE | |
| Target audience note | K <br/> |
| Source | Raz-Plus <br/> |
| 650 ## - SUBJECT ADDED ENTRY--TOPICAL TERM | |
| Topical term or geographic name entry element | Place value |
| Form subdivision | Picture book |
| 650 ## - SUBJECT ADDED ENTRY--TOPICAL TERM | |
| Topical term or geographic name entry element | Superhero |
| Form subdivision | Picture book |
| 700 ## - ADDED ENTRY--PERSONAL NAME | |
| Personal name | Lichtenheld, Tom |
| Relator term | Illustrator |
| 942 ## - ADDED ENTRY ELEMENTS (KOHA) | |
| Source of classification or shelving scheme | Dewey Decimal Classification |
| Koha item type | Books |
| Suppress in OPAC | No |
| Withdrawn status | Lost status | Source of classification or shelving scheme | Damaged status | Not for loan | Collection | Home library | Current library | Shelving location | Date acquired | Total Checkouts | Full call number | Barcode | Date last seen | Price effective from | Koha item type |
|---|---|---|---|---|---|---|---|---|---|---|---|---|---|---|---|
| Dewey Decimal Classification | Juvenile Fiction | Footprints International School Library Network Toul Tom Poung Campus | Footprints International School Library Network Toul Tom Poung Campus | TTP Primary Yellow Bookshelves | 01/30/2026 | HOL 771 PZ7 .H7427 .Z | FISBK05405 | 01/30/2026 | 01/30/2026 | Books |
